Social capaital as a microfinance: case studies in the Philippines (Record no. 48398)

000 -LEADER
fixed length control field 00493pab a2200181 454500
008 - FIXED-LENGTH DATA ELEMENTS--GENERAL INFORMATION
fixed length control field 180718b2000 xxu||||| |||| 00| 0 eng d
100 ## - MAIN ENTRY--PERSONAL NAME
Personal name Quinones, Benjamin R. jr.
245 ## - TITLE STATEMENT
Title Social capaital as a microfinance: case studies in the Philippines
260 ## - PUBLICATION, DISTRIBUTION, ETC.
Date of publication, distribution, etc. 2000
300 ## - PHYSICAL DESCRIPTION
Extent p.421-33
362 ## - DATES OF PUBLICATION AND/OR SEQUENTIAL DESIGNATION
Dates of publication and/or sequential designation Dec
650 ## - SUBJECT ADDED ENTRY--TOPICAL TERM
Topical term or geographic name entry element Case studies
650 ## - SUBJECT ADDED ENTRY--TOPICAL TERM
Topical term or geographic name entry element Social capital - Philippines
650 ## - SUBJECT ADDED ENTRY--TOPICAL TERM
Topical term or geographic name entry element Social capital
700 ## - ADDED ENTRY--PERSONAL NAME
Personal name Seibel, Hans Dieter
773 ## - HOST ITEM ENTRY
Main entry heading Policy Sciences
909 ## -
-- 48398
Holdings
Withdrawn status Lost status Damaged status Not for loan Permanent Location Current Location Date acquired Serial Enumeration / chronology Barcode Date last seen Price effective from Koha item type
        Indian Institute of Public Administration Indian Institute of Public Administration 2018-07-19 Volume no: 33, Issue no: 3-4 AR48826 2018-07-19 2018-07-19 Articles

Powered by Koha